Repealing the 8th: reforming Irish abortion law
| VerfasserInnen: | ; |
|---|---|
| Medienart: | Elektronisch Buch |
| Sprache: | Englisch |
| Veröffentlicht: |
Bristol, UK Chicago, USA
Policy Press
2018
|
| In: | Jahr: 2018 |
| Online-Zugang: |
Inhaltsverzeichnis Klappentext (Verlag) Volltext (doi) Volltext (kostenfrei) |
| Verfügbarkeit prüfen: | HBZ Gateway |
| Schlagwörter: | |
| Parallele Ausgabe: | Nicht-Elektronisch
|
MARC
| LEADER | 00000cam a2200000 c 4500 | ||
|---|---|---|---|
| 001 | 1892347466 | ||
| 003 | DE-627 | ||
| 005 | 20251227180637.0 | ||
| 007 | cr uuu---uuuuu | ||
| 008 | 240627s2018 xxk|||||o 00| ||eng c | ||
| 020 | |a 9781447347545 |c (OA PDF) |9 978-1-4473-4754-5 | ||
| 024 | 7 | |a 10.51952/9781447347545 |2 doi | |
| 035 | |a (DE-627)1892347466 | ||
| 035 | |a (DE-599)KXP1892347466 | ||
| 040 | |a DE-627 |b ger |c DE-627 |e rda | ||
| 041 | |a eng | ||
| 044 | |c XA-GB |c XD-US | ||
| 072 | 7 | |a SOC 046000 |2 bisacsh | |
| 082 | 0 | |a 342.417084 | |
| 084 | |a 2,1 |2 ssgn | ||
| 084 | |a 86.56 |2 bkl | ||
| 100 | 1 | |a De Londras, Fiona |d 1980- |e VerfasserIn |0 (DE-588)1025613805 |0 (DE-627)723638187 |0 (DE-576)275949176 |4 aut | |
| 109 | |a De Londras, Fiona 1980- |a Londras, Fiona de 1980- | ||
| 245 | 1 | 0 | |a Repealing the 8th |b reforming Irish abortion law |c Fiona De Londras, Máiréad Enright |
| 246 | 3 | 3 | |a Repealing the eighth |
| 264 | 1 | |a Bristol, UK |a Chicago, USA |b Policy Press |c 2018 | |
| 300 | |a 1 Online-Ressource (V, 158 Seiten) | ||
| 336 | |a Text |b txt |2 rdacontent | ||
| 337 | |a Computermedien |b c |2 rdamedia | ||
| 338 | |a Online-Ressource |b cr |2 rdacarrier | ||
| 490 | 0 | |a Policy Press shorts policy & practice | |
| 650 | 0 | |a Abortion |x Law and legislation |x Ireland | |
| 650 | 0 | |a Constitutional Law |x Ireland | |
| 650 | 0 | |a Referendum |x Ireland | |
| 689 | 0 | 0 | |d g |0 (DE-588)4027667-3 |0 (DE-627)10415229X |0 (DE-576)20897170X |a Irland |2 gnd |
| 689 | 0 | 1 | |d s |0 (DE-588)4053732-8 |0 (DE-627)106165755 |0 (DE-576)209105348 |a Schwangerschaftsabbruch |2 gnd |
| 689 | 0 | 2 | |d s |0 (DE-588)4020682-8 |0 (DE-627)106317121 |0 (DE-576)208934405 |a Gesetzgebung |2 gnd |
| 689 | 0 | 3 | |d s |0 (DE-588)4115716-3 |0 (DE-627)10581220X |0 (DE-576)209495499 |a Reform |2 gnd |
| 689 | 0 | |5 DE-101 | |
| 689 | 1 | 0 | |d g |0 (DE-588)4027667-3 |0 (DE-627)10415229X |0 (DE-576)20897170X |a Irland |2 gnd |
| 689 | 1 | 1 | |d s |0 (DE-588)4053732-8 |0 (DE-627)106165755 |0 (DE-576)209105348 |a Schwangerschaftsabbruch |2 gnd |
| 689 | 1 | 2 | |d s |0 (DE-588)4020682-8 |0 (DE-627)106317121 |0 (DE-576)208934405 |a Gesetzgebung |2 gnd |
| 689 | 1 | 3 | |d s |0 (DE-588)4115716-3 |0 (DE-627)10581220X |0 (DE-576)209495499 |a Reform |2 gnd |
| 689 | 1 | |5 (DE-627) | |
| 700 | 1 | |a Enright, Máiréad |e VerfasserIn |0 (DE-588)1156203945 |0 (DE-627)1018683860 |0 (DE-576)272638811 |4 aut | |
| 776 | 1 | |z 9781447347514 | |
| 776 | 0 | 8 | |i Erscheint auch als |n Druck-Ausgabe |a De Londras, Fiona, 1980 - |t Repealing the 8th |d Bristol, UK : Policy Press, 2018 |h V, 158 Seiten |w (DE-627)1632963515 |w (DE-576)498121119 |z 9781447347514 |k Non-Electronic |
| 856 | |u https://bristoluniversitypressdigital.com/downloadpdf/display/book/9781447347545/9781447347545.pdf |x unpaywall |z Vermutlich kostenfreier Zugang |h publisher [deprecated] | ||
| 856 | 4 | 0 | |u https://bristoluniversitypressdigital.com/monobook-oa/book/9781447347545/9781447347545.xml |x Verlag |z kostenfrei |3 Volltext |7 0 |
| 856 | 4 | 2 | |u https://swbplus.bsz-bw.de/bsz498121119inh.htm |m B:DE-576;DE-21 |q application/pdf |v 20180423151428 |x Verlag |3 Inhaltsverzeichnis |7 1 |
| 856 | 4 | 2 | |u https://swbplus.bsz-bw.de/bsz498121119kla.htm |m B:DE-576;DE-21 |q application/pdf |v 20180423151428 |x Verlag |3 Klappentext |7 1 |
| 856 | |u https://doi.org/10.51952/9781447347545 |x doi |3 Volltext | ||
| 936 | b | k | |a 86.56 |j Gesundheitsrecht |j Lebensmittelrecht |0 (DE-627)106416995 |
| 951 | |a BO | ||
| ELC | |a 1 | ||
| LOK | |0 000 xxxxxcx a22 zn 4500 | ||
| LOK | |0 001 4542562336 | ||
| LOK | |0 003 DE-627 | ||
| LOK | |0 004 1892347466 | ||
| LOK | |0 005 20240627145211 | ||
| LOK | |0 008 240627||||||||||||||||ger||||||| | ||
| LOK | |0 040 |a DE-Frei85 |c DE-627 |d DE-Frei85 | ||
| LOK | |0 852 |a DE-Frei85 | ||
| LOK | |0 852 1 |m p |9 00 | ||
| LOK | |0 938 |k p | ||
| LOK | |0 939 |a 27-06-24 |b l01 | ||
| OAS | |a 1 | ||
| ORI | |a SA-MARC-krimdoka001.raw | ||
